Top 15 NBA players to not win a ring - Statistics

General Stats
  • This quiz has been taken 45 times
  • The average score is 12 of 15
Answer Stats
Hint Answer % Correct
3 Jazz John Stockton
97%
1 Jazz Karl Malone
97%
4 Clippers (current) James Harden
94%
2 Suns Charles Barkley
91%
6 Spurs (current) Chris Paul
88%
7 Pacers Reggie Miller
85%
10 Knicks Patrick Ewing
82%
9 76res Allen Iverson
79%
12 Hawks Dominique Wilkins
79%
8 Suns Steve Nash
79%
11 Nuggets (current) Russell Westbrook
71%
14 Raptors Vince Carter
68%
5 Lakers Elgin Baylor
62%
13 Knicks Carmelo Anthony
56%
15 Rockets Tracy Mcgrady
47%
No matching quizzes found
Score Distribution
Percent of People with Each Score
Percentile by Number Answered
Your Score History
You have not taken this quiz